000 00822nam a2200193Ii 4500
003 JO-AjNU
008 230605s9999||||xx |||||||||||||| ||und||
040 _aJO-AjNU
_bara
_erda
_cJO-AjNU
041 _aara
050 1 4 _aBF408.R6712.1997
100 3 _aروشكا، الكسندر ، ترجمة ابو فخر،غسان عبد الحي,
_eauthor
_938856
245 0 0 _aنمو الذكاء والابداع عند الاطفال :الابداع والشخصية ، الشخصية المبدعة ودور العوامل العقلية
264 3 1 _aبغداد:دار الكتب العالمية ، 1997
300 _a257ص
336 _atext
_btxt
_2rdacontent
337 _aunmediated
_bn
_2rdamedia
338 _avolume
_bnc
_2rdacarrier
650 4 _aالذكاء-الابداع عند الاطفال-علم نفس
_938857
999 _aA16361
_c19929
_d19929